Temeraire Series Characters Quiz Stats

 Plays Quiz not verified by Sporcle

Score 0/14 Timer 02:00
0 Plays Today
Captain Dragon % Correct
LaurenceTemeraire
99.1%
HarcourtLily
91.9%
BerkleyMaximus
88.3%
GranbyIskierka
61.3%
RolandExcidium
57.7%
RankinLevitas
56.8%
JamesVolly
53.2%
Captain Dragon % Correct
SuttonMessoria
48.6%
WarrenNitidus
48.6%
CheneryDulcia
46.8%
LittleImmortalis
45.9%
HollinElsie
40.5%
LentonObversaria
35.1%
DemaneKulingile
31.5%

You're not logged in!

Compare scores with friends on all Sporcle quizzes.
Join for Free
OR
Log In

You Might Also Like...

Show Comments

Extras

Created Mar 27, 2011ReportNominate
Tags:captain, character, dragon

Top Quizzes Today


Score Distribution

Your Account Isn't Verified!

In order to create a playlist on Sporcle, you need to verify the email address you used during registration. Go to your Sporcle Settings to finish the process.

Report this User

Report this user for behavior that violates our Community Guidelines.

Details: